000
00290nam a2200109Ia 4500
008
171211s9999 xx 000 0 und d
245
_a
Backyard Jiu-Jitsu
245
_c
Ted Gambordella
260
_c
2004
650
_x
Martial Arts
856
_u
http://down.ebook777.com/053/9781441400062.pdf
999
_c
348275
_d
348275